Manual del cuidado del gato

Una guía práctica que le proporciona una información completa y exhaustiva sobre los cuidados del gato, incluyendo su alimentación, su educación, su reproducción y sus principales trastornos, con descripciones de las principales enfermedades, acompañadas de cuadros aclaratorios de sus síntomas y tra...

Fuld beskrivelse

Bibliografiske detaljer
Hovedforfatter: Edney, Andrew
Format: Bog
Sprog:Spanish
Fag:

MARC

LEADER 00000cam a2200000 a 4500
003 Ucuenca
005 20230308174014.0
008 997122|1993 ar |||||r|||||||||||spa||
020 |a 9501512940 
040 |b spa 
041 |a spa 
082 0 |a 636.8 
100 1 |a Edney, Andrew  |9 72351 
245 1 1 |a Manual del cuidado del gato  |c Andrew Edney  |h imp 
264 |a Buenos Aires  |b Javier Vergara  |c 1993 
300 |a 192 páginas:  |b ilu  |c 25.5 cm 
504 |a incl. ref. 
520 3 |a Una guía práctica que le proporciona una información completa y exhaustiva sobre los cuidados del gato, incluyendo su alimentación, su educación, su reproducción y sus principales trastornos, con descripciones de las principales enfermedades, acompañadas de cuadros aclaratorios de sus síntomas y tratamientos, técnicas de primeros auxilios y tratamientos de accidentes domésticos comunes, tales como heridas, quemaduras, indigestiones o problemas psicológicos 
650 1 |a Gatos  |9 70759 
650 |a Gatos enfermedades  |9 72352 
650 |a Gatos tratamiento  |9 72353 
852 |a UC-YANUNCAY  |f Compra  |l 1  |m General  |p 19971222  |q 5,00  |t 2197  |b 0  |d CDRY  |e CDRY  |g 636.8 SALA 1 AGROPECUARIAS  |z 1997-71-22 
942 |c BK  |z esthela.durán@ucuenca.edu.ec  |0 1 
999 |c 44957  |d 44957